000
00282nam a2200109Ia 4500
008
200302s9999 xx 000 0 und d
100
_a
Orange Book Ed
245
_a
Interior Best Selection Vol 3
260
_b
The Images Publishing Group Pvt., Ltd.
260
_c
1988
300
_a
254 P.,
999
_c
807
_d
807